Динамическое концентрирование ионов Mn(II), Co(II), Ni(II), Cu(II) на сильносшитых карбоксильных катионитах и создание тест-систем для анализа питьевых вод: диссертация на соискание ученой степени кандидата химических наук; спец. 02.00.02

Detalles Bibliográficos
Autor Principal: Жаркова В. В. Валентина Викторовна
Autor Corporativo: Национальный исследовательский Томский государственный университет (ТГУ) Кафедра неорганической химии
Outros autores: Бобкова Л. А. Людмила Александровна (научный руководитель)
Summary:Защищена 27.12.2016 г.
Idioma:ruso
Publicado: Томск, [Б. и.], 2016
Subjects:
Formato: MixedMaterials Libro
KOHA link:https://koha.lib.tpu.ru/cgi-bin/koha/opac-detail.pl?biblionumber=327125

MARC

LEADER 00000nbm0a2200000 4500
001 327125
005 20231102003929.0
035 |a (RuTPU)RU\TPU\book\352785 
035 |a RU\TPU\book\352784 
090 |a 327125 
100 |a 20170125j20161227k y0rusy50 ca 
101 0 |a rus 
102 |a RU 
105 |a a m 001zy 
200 1 |a Динамическое концентрирование ионов Mn(II), Co(II), Ni(II), Cu(II) на сильносшитых карбоксильных катионитах и создание тест-систем для анализа питьевых вод  |e диссертация на соискание ученой степени кандидата химических наук  |e спец. 02.00.02  |f В. В. Жаркова  |g Национальный исследовательский Томский государственный университет (ТГУ), Кафедра неорганической химии ; науч. рук. Л. А. Бобкова 
210 |a Томск  |c [Б. и.]  |d 2016 
215 |a 22 с.  |c ил. 
300 |a Защищена 27.12.2016 г. 
320 |a Библиогр.: с. 106-120 (135 назв.) 
452 1 |0 (RuTPU)RU\TPU\book\354250  |t Динамическое концентрирование ионов Mn(II), Co(II), Ni(II), Cu(II) на сильносшитых карбоксильных катионитах и создание тест-систем для анализа питьевых вод  |o диссертация на соискание учёной степени кандидата химических наук  |o спец. 02.00.02  |f В. В. Жаркова  |g Национальный исследовательский Томский государственный университет (ТГУ) ; науч. рук. Л. А. Бобкова  |c Томск  |d 2016  |a Жаркова, Валентина Викторовна 
606 1 |a Вода  |x Химический анализ  |2 stltpush  |3 (RuTPU)RU\TPU\subj\2699  |9 31232 
610 1 |a природные воды 
610 1 |a состав 
610 1 |a микроэлементы 
610 1 |a концентрирование 
610 1 |a карбоксильные катиониты 
610 1 |a ионы 
610 1 |a сорбция 
610 1 |a химические тест-системы 
610 1 |a реактивы 
610 1 |a сорбционное концентрирование 
610 1 |a равновесные условия 
610 1 |a динамические условия 
610 1 |a тест-индикаторные трубки 
610 1 |a диссертации 
675 |a 543.3(04)  |v 4 
686 |a 02.00.02  |2 oksvnk 
700 1 |a Жаркова  |b В. В.  |g Валентина Викторовна 
702 1 |a Бобкова  |b Л. А.  |g Людмила Александровна  |4 727 
712 0 2 |a Национальный исследовательский Томский государственный университет (ТГУ)  |b Кафедра неорганической химии  |c (2009- )  |2 stltpush  |3 (RuTPU)RU\TPU\col\17230 
801 1 |a RU  |b 63413507  |c 20170125 
801 2 |a RU  |b 63413507  |c 20170220  |g RCR 
942 |c BK